ادبیات شناسی : (Record no. 108277)

MARC details
000 -LEADER
fixed length control field 00959nam a22002657a 4500
005 - DATE AND TIME OF LATEST TRANSACTION
control field 20170123162338.0
010 ## - LIBRARY OF CONGRESS CONTROL NUMBER
LC control number A-374668
020 ## - INTERNATIONAL STANDARD BOOK NUMBER
Terms of availability 12.50
035 ## - SYSTEM CONTROL NUMBER
System control number A-374668
037 ## - SOURCE OF ACQUISITION
Source of stock number/acquisition Cen Lib/Ret
040 ## - CATALOGING SOURCE
Original cataloging agency DPL
Language of cataloging UR
082 ## - DEWEY DECIMAL CLASSIFICATION NUMBER
Classification number 840.8
Item number م ح م
100 ## - MAIN ENTRY--PERSONAL NAME
Personal name محمّد حسن
9 (RLIN) 125245
245 ## - TITLE STATEMENT
Title ادبیات شناسی :
Statement of responsibility, etc محمّد حسن
Remainder of title تدریس اردو کے بارے میں ایک کتاب /
246 ## - VARYING FORM OF TITLE
Title proper/short title Adbiyat shanasi : tadrees urdu ke bare mein ek kitab /
Remainder of title by Mohammad Hasan
260 ## - PUBLICATION, DISTRIBUTION, ETC. (IMPRINT)
Place of publication, distribution, etc نیی دہلی
Name of publisher, distributor, etc ترقی اردو بیورو
Date of publication, distribution, etc 1989
270 ## - ADDRESS
Address ویسٹ بلاک،٨، ار.کے. پرم
City نیی دہلی
Postal code 110066
300 ## - PHYSICAL DESCRIPTION
Extent 192p.
Dimensions 21cm(Hb)
500 ## - GENERAL NOTE
General note کتابیات
650 ## - SUBJECT ADDED ENTRY--TOPICAL TERM
Topical term or geographic name as entry element ادب - اردو
9 (RLIN) 125246
650 ## - SUBJECT ADDED ENTRY--TOPICAL TERM
Topical term or geographic name as entry element ادبیات شناسی
9 (RLIN) 646
650 ## - SUBJECT ADDED ENTRY--TOPICAL TERM
Topical term or geographic name as entry element Litrerature -- Urdu
9 (RLIN) 125247
650 ## - SUBJECT ADDED ENTRY--TOPICAL TERM
Topical term or geographic name as entry element Urdu Humanities Studies
9 (RLIN) 125248
942 ## - ADDED ENTRY ELEMENTS (KOHA)
Source of classification or shelving scheme Dewey Decimal Classification
Koha item type Urdu Bks
Classification part 840.8
Call number suffix م ح م
Holdings
Withdrawn status Lost status Damaged status Not for loan Home library Current library Date acquired Source of acquisition Cost, normal purchase price Total Checkouts Full call number Barcode Date last seen Copy number Cost, replacement price Price effective from Koha item type
        Central Library Central Library 18/01/2016 Cen Lib/Ret 12.50   840.8 م ح م A-374668 18/01/2016 1 12.50 18/01/2016 Urdu Bks

© Delhi Public Library
Hit Counter
free hit counter